Statistiken für Fußballstadien NRWs

Klicken Sie hier um das Quiz zu spielen!

Allgemein

  • Dieses Quiz wurde 356 mal gespielt
  • Das Durchschnittsergebnis liegt bei 12 aus 20

Antwortstatistiken

HintAntwort% Korrekt
WestfalenstadionBorussia Dortmund
97%
BayarenaBayer Leverkusen
96%
Borussia-ParkBorussia Mönchengladbach
94%
PreußenstadionPreußen Münster
88%
RuhrstadionVfL Bochum
81%
AlmArminia Bielefeld
72%
TivoliAlemannia Aachen
71%
ParkstadionFC Schalke 04
70%
Müngersdorfer Stadion1. FC Köln
69%
RheinstadionFortuna Düsseldorf
67%
Stadion an der HafenstraßeRot-Weiß Essen
61%
Wedau-StadionMSV Duisburg
55%
Stadion am ZooWuppertaler SV
54%
Grotenburg-StadionKFC Uerdingen
37%
Hermann-Löns-StadionSC Paderborn
37%
LohrheidestadionSG Wattenscheid 09
35%
SüdstadionFortuna Köln
32%
Sportpark HöhenbergViktoria Köln
25%
UhlenkrugstadionSchwarz-Weiß Essen
16%
Stadion an der PoststraßeSC Verl
10%

Verteilung der Resultate

Perzentil nach korrekt beantworteten Fragen

Anzahl Personen mit jedem Resultat

Ihre Resultats-Entwicklung

Sie haben dieses Quiz noch nicht gespielt